AK’s General Knowledge A-Z #47 - Statistics

General Stats
  • This quiz has been taken 483 times
  • The average score is 18 of 26
Answer Stats
Hint Answer % Correct
E – the number of days it took Phileas Fogg to go around the world Eighty
95%
B – one of the world's most popular card games, or Golden Gate Bridge
94%
G – is “gull” in Norwegian, or Au in chemistry Gold
94%
W – a route; a large one is Milky Way
93%
D – city where you can visit Jumeirah Mosque and Burj Khalifa Dubai
92%
H – prefaced by # Hashtag
88%
J – home country of sprinter Elaine Thompson-Herah Jamaica
88%
R – “In the black corner, … the Italian Stallion, _____ Balboa!” Rocky
87%
Y – TV sitcom Curb ____ Enthusiasm Your
86%
S – not winter, but a person who adds numbers together Summer
85%
C – a learning programme, or where golf is played Course
82%
K – company known for photographic film products; its full name is Eastman _____ Company Kodak
80%
O – Robyn’s hit "Dancing on My ___" Own
80%
A – emperor whose last public words were, “I found Rome of clay; I leave it to you of marble” Augustus
79%
V – first name of Fleming, director of Gone with the Wind; the name means winner or conqueror Victor
78%
F – a group of vessels, or what the moment does (when in hurry) Fleet
73%
X – mutant Professor Charles Francis ______, or missionary Francis Xavier
69%
N – author of Philosophiae Naturalis Principia Mathematica (1687) Isaac Newton
60%
M – former Prime Minister of Finland whose name is very close to a country enclaved by Italy Sanna Marin
55%
P – world’s 43rd most spoken language, or what can be done to silver Polish
53%
U – city in the Netherlands known in Roman times as Traiectum or Ultra Traiectum Utrecht
53%
I – Australian rock band with hits “Need You Tonight” and “Suicide Blonde” INXS
47%
L – African capital whose name includes the opposite of short Lilongwe
30%
Q – perfectly typical or representative; the word refers to the fifth essence Quintessential
30%
Z – ____ am See, Austrian ski resort named after a monk's cell in a monastery Zell
15%
T – Spain’s highest peak, which is the mountain that casts the world’s largest shadow projected on the sea Teide
12%
No matching quizzes found
Score Distribution
Percent of People with Each Score
Percentile by Number Answered
Your Score History
You have not taken this quiz